Lieder von Michael Jackson – Sudden Death - Statistiken

Allgemein
  • Dieses Quiz wurde 484 mal gespielt
  • Das Durchschnittsergebnis liegt bei 11 aus 20
Answers on the Grid
Answers color-coded by a green-red scale on the quiz's grid according to % correct below.
B.L.T. (Bacon Lettuce Tomato)
Bad
Beat It
Billie Jean
Black or White
Dirty Diana
Don't Stop 'Til You Get Enough
Earth Song
Ghouls
Heal the World
In the Closet
Like a Virgin
Man in the Mirror
Moonwalker
Ms. Jackson
Namibian Girl
Neverland
No Can Do
Off The Rails
Power of Love
P.Y.T. (Pretty Young Thing)
Purple Rain
Remember the Time
Rhythm Nation
Rock with You
Scream
Smooth Criminal
Stranger in Costco
They Don't Care About Us
Thriller
You Are Not Alone
Wanna Be Startin' Somethin'
You Rock My World
 
Antwortstatistiken
Antwort % Korrekt
Thriller
84%
Beat It
83%
Billie Jean
81%
Black or White
72%
They Don't Care About Us
72%
Man in the Mirror
70%
Smooth Criminal
69%
Bad
68%
Dirty Diana
67%
Earth Song
66%
Heal the World
55%
You Are Not Alone
44%
Don't Stop 'Til You Get Enough
39%
Wanna Be Startin' Somethin'
36%
Remember the Time
34%
Scream
32%
P.Y.T. (Pretty Young Thing)
29%
Rock with You
26%
You Rock My World
26%
In the Closet
17%
Keine übereinstimmenden Quizze gefunden
Verteilung der Resultate
Anzahl Personen mit jedem Resultat
Perzentil nach korrekt beantworteten Fragen
Ihre Resultats-Entwicklung
Sie haben dieses Quiz noch nicht gespielt